000 00326nam a2200133 a 4500
082 0 0 _a297.2
_bMAU
100 _aMadudi, S Abul Ala
245 _aThe Islamic Conception of State
260 _aAligarh
_bMuslim University Press
_c1958
300 _a32 p
650 _aIslam-Doctrines
700 1 _aMadudi, S Abul Ala
942 _cBK
999 _c2346
_d2346